[Event "Open 150' Unita' d'Italia A"]
[Site "Torino ITA"]
[Date "2011.06.05"]
[Round "8"]
[White "Stella, Andrea"]
[Black "Pliev, Vladimir"]
[Result "1-0"]
[WhiteElo "2398"]
[BlackElo "2049"]
[PlyCount "109"]
[EventDate "2011.05.31"]

1. Nf3 Nf6 2. c4 g6 3. Nc3 Bg7 4. e4 d6 5. d4 O-O 6. Be2 c5 7. O-O Nc6 8. d5
Na5 9. Bf4 Bg4 10. Nd2 Bxe2 11. Qxe2 Nd7 12. Bg3 a6 13. Rab1 b6 14. f4 e5 15.
f5 g5 16. Bf2 Nb7 17. Be3 f6 18. a3 Rb8 19. Qd1 Qc8 20. Qa4 Nd8 21. b4 Nf7 22.
Qc6 Qb7 23. Rb2 Rfc8 24. Qxb7 Rxb7 25. Rfb1 Rcb8 26. Kf1 h5 27. Ke2 Bf8 28. h3
Be7 29. bxc5 dxc5 30. Nb3 Nd6 31. Kd3 b5 32. Na5 Nxc4 33. Nxc4 bxc4+ 34. Kc2
Rb3 35. Rxb3 cxb3+ 36. Rxb3 Rxb3 37. Kxb3 c4+ 38. Kxc4 Bxa3 39. Na4 Kf7 40. Nb6
Ke8 41. Nxd7 Kxd7 42. Bc5 Bc1 43. Kb4 Bd2+ 44. Ka4 h4 45. Bb4 Be3 46. Ka5 Bd4
47. Kxa6 Be3 48. Kb7 Bc1 49. Bf8 Bd2 50. Bg7 Ke7 51. Kc6 Kf7 52. Bh8 Ba5 53. d6
Bb4 54. Kc7 Ba5+ 55. Kc8 1-0

[Event "Open 150' Unita' d'Italia A"]
[Site "Torino ITA"]
[Date "2011.06.05"]
[Round "9"]
[White "Barbiso, Tiziana"]
[Black "Finocchiaro, Gianluca"]
[Result "1/2-1/2"]
[WhiteElo "2024"]
[BlackElo "2151"]
[PlyCount "142"]
[EventDate "2011.05.31"]

1. e4 Nc6 2. Nc3 d6 3. Bc4 g6 4. f4 Bg7 5. Nf3 Nf6 6. O-O e5 7. d3 O-O 8. Qe1
Na5 9. Bb3 Nxb3 10. axb3 exf4 11. Bxf4 Nh5 12. Bg5 Bf6 13. Be3 c6 14. Qf2 c5
15. e5 dxe5 16. Bxc5 Nf4 17. Bxf8 Qxf8 18. Ne4 Be7 19. Nxe5 g5 20. Kh1 f5 21.
Ng3 Be6 22. c4 b6 23. Ne2 Nh5 24. Nd4 Qh6 25. Nxe6 f4 26. Nxg5 Ng3+ 27. Kg1 Bc5
28. Qxc5 bxc5 29. hxg3 Qxg5 30. gxf4 Qf5 31. Rf3 Kh8 32. Ra6 Rg8 33. Rxa7 Rg7
34. Rxg7 Kxg7 35. Kf2 Qe6 36. Ke2 Qd6 37. Kf1 Qe6 38. Ke2 h5 39. Kd2 Qd6 40.
Kc2 Qd4 41. g3 Kf6 42. b4 cxb4 43. Kb3 Ke6 44. Kxb4 Qxb2+ 45. Kc5 Qa3+ 46. Kd4
Qa1+ 47. Ke4 Qa8+ 48. Ke3 Qa3 49. Ke4 Qa8+ 50. Ke3 Qa3 51. Kf2 Qb2+ 52. Kg1
Qb1+ 53. Kg2 Qb2+ 54. Rf2 Qb6 55. Nf3 Qb4 56. Re2+ Kf6 57. Ng5 Qb3 58. Rd2 Kf5
59. c5 Qd5+ 60. Ne4 Kg4 61. Kh2 Kf5 62. Kg2 Kg4 63. Kf2 Qd4+ 64. Ke2 h4 65.
gxh4 Kxf4 66. h5 Qe3+ 67. Kd1 Qf3+ 68. Kc2 Qxh5 69. c6 Qe5 70. Kb3 Qd5+ 71. Kb4
Qxc6 1/2-1/2

[Event "Open 150' Unita' d'Italia A"]
[Site "Torino ITA"]
[Date "2011.06.05"]
[Round "9"]
[White "Formento, Paolo"]
[Black "Spinelli, Doriano"]
[Result "0-1"]
[WhiteElo "2020"]
[BlackElo "2100"]
[PlyCount "44"]
[EventDate "2011.05.31"]

1. e4 d5 2. exd5 Nf6 3. c4 e6 4. dxe6 Bxe6 5. Nf3 Nc6 6. d4 Bb4+ 7. Nc3 Qe7 8.
Be3 O-O-O 9. a3 Bc5 10. Nb5 Bg4 11. Qa4 Bxf3 12. dxc5 Ng4 13. Qb3 Rhe8 14. gxf3
Nxe3 15. fxe3 Qh4+ 16. Ke2 a6 17. Rd1 axb5 18. Rxd8+ Kxd8 19. Qd3+ Kc8 20. cxb5
Nd4+ 21. Kd1 Rd8 22. Bh3+ Ne6 0-1

[Event "Open 150' Unita' d'Italia A"]
[Site "Torino ITA"]
[Date "2011.06.05"]
[Round "9"]
[White "Grinza, Andrea"]
[Black "Bianco, Valerio"]
[Result "0-1"]
[WhiteElo "2109"]
[BlackElo "2202"]
[PlyCount "72"]
[EventDate "2011.05.31"]

1. d4 d5 2. c4 c6 3. Nf3 Nf6 4. e3 e6 5. Bd3 dxc4 6. Bxc4 Nbd7 7. O-O Bd6 8.
Qe2 O-O 9. Rd1 Qc7 10. Nc3 b5 11. Bd3 Bb7 12. e4 e5 13. dxe5 Nxe5 14. Nxe5 Bxe5
15. g3 Rfe8 16. Be3 Qe7 17. f3 a6 18. Qf2 Rad8 19. Rd2 Nd7 20. Rad1 Bd6 21.
Bxb5 Bxg3 22. Qxg3 axb5 23. Qc7 Bc8 24. Rd6 Qe5 25. Qxc6 b4 26. R1d5 Qe7 27.
Nb5 Ne5 28. Qc7 Nxf3+ 29. Kf1 Qh4 30. Ke2 Qxe4 31. Qc5 Rxd6 32. Nxd6 Ba6+ 33.
Kf2 Qh4+ 34. Kxf3 Qh3+ 35. Kf2 Qxh2+ 36. Kf3 Be2# 0-1

[Event "Open 150' Unita' d'Italia A"]
[Site "Torino ITA"]
[Date "2011.06.05"]
[Round "9"]
[White "Pesce, Gabriele"]
[Black "Passerotti, Pierluigi"]
[Result "1/2-1/2"]
[WhiteElo "2185"]
[BlackElo "2286"]
[PlyCount "60"]
[EventDate "2011.05.31"]

1. e4 e5 2. Nf3 Nc6 3. Nc3 g6 4. g3 Bg7 5. Bg2 Nge7 6. d3 O-O 7. O-O d6 8. Be3
Nd4 9. Bxd4 exd4 10. Ne2 c5 11. Nf4 Bd7 12. Nd5 Re8 13. Nxe7+ Rxe7 14. Nd2 Bc6
15. a4 d5 16. exd5 Bxd5 17. Re1 Rxe1+ 18. Qxe1 Bxg2 19. Kxg2 Qd7 20. Qe4 Re8
21. Qf3 f5 22. a5 Bf6 23. Nc4 Bd8 24. Kf1 Kg7 25. Re1 Rxe1+ 26. Kxe1 b5 27.
axb6 axb6 28. Kf1 b5 29. Ne5 Qc7 30. Qd5 Bf6 1/2-1/2

[Event "Open 150' Unita' d'Italia A"]
[Site "Torino ITA"]
[Date "2011.06.05"]
[Round "9"]
[White "Pulito, Alberto"]
[Black "Stella, Andrea"]
[Result "1/2-1/2"]
[WhiteElo "2281"]
[BlackElo "2398"]
[PlyCount "72"]
[EventDate "2011.05.31"]

1. e4 c5 2. c3 d5 3. exd5 Qxd5 4. d4 Nf6 5. Nf3 Bg4 6. Qa4+ Bd7 7. Qb3 cxd4 8.
Nxd4 Nc6 9. Qxd5 Nxd5 10. Nxc6 Bxc6 11. a4 g6 12. Be2 Bg7 13. O-O O-O 14. a5 a6
15. Na3 Rad8 16. Nc2 e5 17. Bf3 Rfe8 18. h3 h6 19. Re1 f5 20. Be2 Kh7 21. Bf1
g5 22. Ne3 Nxe3 23. Bxe3 f4 24. Bc5 Rd2 25. b4 e4 26. Rac1 Bf8 27. Bxf8 Rxf8
28. c4 e3 29. fxe3 f3 30. gxf3 Rxf3 31. Re2 Rxe2 32. Bxe2 Rxe3 33. Bf1 Ra3 34.
b5 axb5 35. cxb5 Be4 36. Re1 Bd5 1/2-1/2

[Event "Open 150' Unita' d'Italia A"]
[Site "Torino ITA"]
[Date "2011.06.05"]
[Round "9"]
[White "Sanchez, Joseph"]
[Black "Ljubisavljevic, Zivojin Z."]
[Result "1-0"]
[WhiteElo "2539"]
[BlackElo "2215"]
[PlyCount "91"]
[EventDate "2011.05.31"]

1. e4 c5 2. Nf3 Nc6 3. d4 cxd4 4. Nxd4 e5 5. Nb5 d6 6. N1c3 a6 7. Na3 b5 8. Nd5
Nf6 9. Bg5 Be7 10. Bxf6 Bxf6 11. c4 b4 12. Nc2 a5 13. Qf3 Bg5 14. h4 Be7 15.
Rd1 O-O 16. c5 dxc5 17. Nf6+ Bxf6 18. Rxd8 Rxd8 19. Bc4 Be6 20. Bxe6 fxe6 21.
Qg4 Re8 22. Ne3 Nd4 23. O-O a4 24. Rc1 b3 25. axb3 Nxb3 26. Rc3 Ra6 27. Nc4 Nd4
28. Kh2 Rb8 29. Qh5 g6 30. Rg3 Ra7 31. Nxe5 Rg7 32. Nxg6 hxg6 33. Rxg6 Rf8 34.
Rh6 Rc7 35. Rg6+ Rg7 36. f4 Rxg6 37. Qxg6+ Bg7 38. g3 e5 39. f5 a3 40. bxa3 c4
41. Qa6 Rf6 42. Qxc4+ Kh7 43. a4 Rc6 44. Qf7 Rf6 45. Qb7 Nf3+ 46. Kh3 1-0

[Event "Open 150' Unita' d'Italia A"]
[Site "Torino ITA"]
[Date "2011.06.05"]
[Round "9"]
[White "Sorcinelli, Francesco"]
[Black "D'Agostino, Maurizio"]
[Result "1/2-1/2"]
[WhiteElo "2171"]
[BlackElo "2028"]
[PlyCount "80"]
[EventDate "2011.05.31"]

1. Nf3 Nf6 2. c4 c5 3. Nc3 Nc6 4. g3 g6 5. Bg2 Bg7 6. O-O O-O 7. d4 cxd4 8.
Nxd4 a6 9. Nc2 d6 10. e4 Be6 11. b3 Rc8 12. Bb2 Qa5 13. Rb1 b5 14. b4 Qb6 15.
Nd5 Bxd5 16. exd5 Nb8 17. Bd4 Qc7 18. c5 dxc5 19. bxc5 Rcd8 20. Ne3 Rfe8 21.
Re1 e5 22. d6 Qc8 23. Bb2 Qxc5 24. Qb3 Qxd6 25. Rbd1 Qc7 26. Rc1 Qd6 27. Rcd1
Qc7 28. Rc1 Qd6 29. Bh3 Qd3 30. Rc3 Qe4 31. Bg2 Qa4 32. Qxa4 bxa4 33. Rc4 Rd2
34. Rb1 Nfd7 35. Rxa4 Nc5 36. Ra5 Ncd7 37. Bc3 Rd6 38. Nc4 Rd3 39. Ba1 e4 40.
Bxg7 Kxg7 1/2-1/2

[Event "Open 150' Unita' d'Italia A"]
[Site "Torino ITA"]
[Date "2011.06.05"]
[Round "9"]
[White "Van Hoolandt, Patrick"]
[Black "Pliev, Vladimir"]
[Result "0-1"]
[WhiteElo "2192"]
[BlackElo "2049"]
[PlyCount "142"]
[EventDate "2011.05.31"]

1. d4 Nf6 2. c4 g6 3. Nc3 Bg7 4. e4 d6 5. Nf3 O-O 6. Be3 Ng4 7. Bg5 h6 8. Bh4
c5 9. dxc5 Qa5 10. Qd2 g5 11. Bg3 Qxc5 12. h4 gxh4 13. Rxh4 Nc6 14. Be2 Nce5
15. Nxe5 Nxe5 16. Nd5 Ng6 17. Rh5 Qd4 18. Qxd4 Bxd4 19. O-O-O Bg7 20. f4 Be6
21. Ne3 Bd7 22. Kb1 Bc6 23. Bf3 Rac8 24. Nf5 Bd7 25. Nxg7 Kxg7 26. b3 f5 27. e5
Bc6 28. exd6 Bxf3 29. gxf3 exd6 30. Rxd6 Rcd8 31. Rxd8 Rxd8 32. Kc2 Re8 33. Kd2
Rd8+ 34. Kc1 Rd3 35. Rxf5 Rxf3 36. Be1 Nxf4 37. Rb5 b6 38. Bd2 Kg6 39. a4 Ne2+
40. Kd1 Nd4 41. Rd5 Rf1+ 42. Be1 Nxb3 43. Rd7 Rf7 44. Rd6+ Rf6 45. Rd7 a6 46.
Bc3 Nc5 47. Rd5 Rc6 48. a5 Ne4 49. Be1 bxa5 50. Rxa5 Nd6 51. c5 Ne4 52. Bb4 Kf5
53. Ra2 h5 54. Rh2 Kg4 55. Rg2+ Ng3 56. Rd2 Nf5 57. Rg2+ Kf3 58. Rg5 Ne3+ 59.
Kd2 h4 60. Rh5 Ng2 61. Rf5+ Kg4 62. Rd5 h3 63. Rd6 h2 64. Rxc6 h1=Q 65. Rb6 Qf1
66. Kc2 Ne3+ 67. Kb3 Qb1+ 68. Ka4 Qa2+ 69. Ba3 Nc4 70. Rb3 Nxa3 71. Rxa3 Qc4+
0-1

[Event "Open 150' Unita' d'Italia A"]
[Site "Torino ITA"]
[Date "2011.06.05"]
[Round "9"]
[White "Zunino, Davide"]
[Black "Boetto, Massimo"]
[Result "1/2-1/2"]
[WhiteElo "1987"]
[BlackElo "2009"]
[PlyCount "45"]
[EventDate "2011.05.31"]

1. d4 Nf6 2. Nc3 e6 3. e4 d5 4. e5 Nfd7 5. Qh5 c5 6. Nf3 cxd4 7. Nxd4 g6 8. Qg4
Nxe5 9. Qg3 Nbc6 10. Nxc6 Nxc6 11. Bf4 Bg7 12. Bc7 Qf6 13. Bd6 Nd4 14. Bd3 Bd7
15. O-O-O Nf5 16. Bxf5 Qxf5 17. Rhe1 Rc8 18. Rd3 Bxc3 19. Rxc3 Rxc3 20. Qxc3
Rg8 21. f4 Bc6 22. g4 d4 23. Qxd4 1/2-1/2